[Event "47th Rilton Cup 2017"]
[Site "?"]
[Date "2018.01.05"]
[Round "9"]
[White "Valsecchi, Alessio"]
[Black "Liang, Awonder"]
[Result "1/2-1/2"]
[WhiteElo "2514"]
[BlackElo "2572"]
[Annotator "TA"]
[PlyCount "78"]
[EventDate "2018.??.??"]
[EventType "swiss"]
[EventCountry "SWE"]
[SourceTitle "Stockholm"]

{[%evp 13,78,19,20,11,26,-11,-11,-15,-6,1,11,-11,-11,-11,-11,0,36,33,34,43,55,22,16,10,9,-51,-10,-47,-44,-56,-43,-72,40,23,52,0,0,0,0,0,0,0,0,0,0,0,15,-22,0,0,0,0,0,0,33,0,0,0,0,-35,-35,-35,-35,-35,-31,-35,-35]} 1. e4 e5 2. Nf3 Nc6 3. Bc4 Bc5 4. O-O Nf6 5. d3 d6 6. c3 O-O 7. h3 Ne7 {LiveBook: 24 Games. C54: Giuoco Piano: 4 c3 Nf6, main lines with 5 d4 and 5 d3} (7... a6 8. a4 Ba7 9. Nbd2 Ne7 10. Re1 c6 11. Bb3 Ng6 12. Bc2 Re8 13. d4 Nh5 14. Nf1 Nhf4 15. Ng3 exd4 16. cxd4 d5 17. e5 c5 18. Bxg6 Nxg6 {1-0 (51) Anand,V (2782)-Leko,P (2691) Riadh 2017}) 8. a4 {[%cal Ba2a4,Ba4a5][%mdl 32]} c6 9. b4 Bb6 {The position is equal.} 10. a5 $146 ({Predecessor:} 10. Qe2 Ng6 11. Bb3 Nh5 12. Kh2 Nhf4 13. Bxf4 Nxf4 14. Qd1 Qf6 {0-1 (22) Kalmar,K (2140)-Kis,B (2181) Hungary 2000}) 10... Bc7 11. Bb3 Ng6 12. Re1 d5 13. c4 d4 14. c5 a6 15. Na3 h6 16. Nc4 Be6 17. Ra2 Qe7 18. Kh2 Kh8 19. g3 (19. Rb2 $11) 19... Rae8 20. Rae2 Nh7 21. Ncd2 Bc8 22. Rf1 h5 ({Black should try} 22... f5 $17) 23. Ree1 h4 24. Nc4 (24. Nxh4 $14 Nxh4 25. Qh5) 24... Be6 $11 25. g4 f6 26. Ng1 Qd7 27. Kg2 Ng5 28. f3 Nf4+ 29. Bxf4 {[#] Hoping for Bc1.} exf4 30. Nb6 Qf7 31. Bxe6 Nxe6 32. Nc4 g6 33. Qd2 Qd7 34. Qf2 Qh7 35. Ne2 Be5 36. Nxe5 fxe5 {Black is slightly better.} 37. Nc1 Nc7 38. Nb3 Nb5 39. Nd2 g5 {Precision: White = 48%, Black = 60%.} 1/2-1/2

[Event "47th Rilton Cup 2017"]
[Site "?"]
[Date "2018.01.05"]
[Round "9"]
[White "Santos Ruiz, Miguel"]
[Black "Thogersen, Rasmus"]
[Result "1-0"]
[WhiteElo "2510"]
[BlackElo "2263"]
[Annotator "TA"]
[PlyCount "99"]
[EventDate "2018.??.??"]
[EventType "swiss"]
[EventCountry "SWE"]
[SourceTitle "Stockholm"]

{[%evp 19,99,21,43,34,40,32,50,50,51,49,50,48,50,50,50,50,62,61,62,72,75,58,64,82,77,46,56,49,42,69,54,60,71,0,0,0,0,0,0,0,-2,-576,-532,-598,-596,-589,-582,-582,-581,-581,-581,-1270,-1201,-29986,-29987,-29983,-972,-944,0,0,607,567,2200,2202,2367,2350,1400,1945,1717,1657,2384,2048,2437,2252,29984,29985,29985,29986,29981,2175,29978,29978]} 1. e4 c5 2. Nf3 d6 3. d4 cxd4 4. Nxd4 Nf6 5. Nc3 a6 6. a4 e5 7. Nf3 {[%cal Bd4f3,Bf3d2,Bd2c4][%mdl 32]} Qc7 8. Bg5 Nbd7 9. Nd2 h6 10. Be3 Nc5 {LiveBook: 9 Games. B90: Sicilian Najdorf: Unusual White 6th moves, 6 Be3 Ng4 and 6 Be3 e5} 11. Nc4 $146 ({Predecessor:} 11. Bc4 Be6 12. Qe2 Rc8 13. O-O Be7 14. Nd5 Nxd5 15. Bxd5 Bxd5 16. exd5 O-O 17. a5 f5 18. f3 {0-1 (33) Heberla,B (2533)-Areshchenko,A (2647) Dresden 2007}) 11... Be6 12. Nd5 $1 {[%cal Rd5c7]} Nxd5 {White is slightly better.} 13. exd5 {[#] Black must now prevent Bxc5.} Bf5 14. a5 Be7 15. Nb6 Rd8 16. b4 Nd7 $1 {[%cal Rd7b6]} 17. c4 Bg5 18. Qd2 Bxe3 19. Qxe3 O-O 20. Be2 Bh7 21. O-O f5 22. f3 (22. c5 $5) 22... f4 23. Qf2 Rde8 24. c5 e4 $1 25. fxe4 Rxe4 26. Bg4 (26. Bd3 $16 Rxb4 27. cxd6) 26... Ne5 $1 $11 {[%cal Re5g4]} 27. Be6+ Kh8 28. cxd6 Qxd6 29. Qc5 Qd8 {Threatens to win with ...f3.} 30. Ra3 $2 {[%mdl 8192]} (30. Nd7 $1 $11 Nxd7 31. Bxd7) 30... Re2 $19 31. Nd7 Be4 32. Rf2 Nxd7 33. Bxd7 Rxf2 34. Kxf2 Rf7 35. Be6 Rc7 36. Qd4 Qh4+ 37. Ke2 f3+ (37... Qh5+ $142 38. Rf3 Bxf3+ 39. Kd2 Qg6 40. Qc5 Qxg2+ 41. Kc3 Rxc5+ 42. bxc5 Bxd5 43. Bf5 Qxh2 44. Bb1 f3 45. Bd3 Qe5+ 46. Kc2 Be4 47. c6 Bxd3+ 48. Kd2 f2 49. cxb7 f1=Q 50. b8=R+ Qxb8 51. Kc3 Qe2 52. Kd4 Qbe5#) 38. gxf3 Bxf3+ $2 (38... Qxh2+ $19 39. Ke3 Bg6) 39. Ke3 $11 Qh5 $2 {[%mdl 8192]} (39... Qxh2 $11 40. Kxf3 Rc2) 40. Qf4 $1 $18 {[%csl LRc7,LRf3]} Bd1 {( -> ...Qe2+)} 41. Qxc7 Qe2+ 42. Kd4 {Threatening mate with Qc8+.} Qf2+ 43. Re3 {White threatens Qc8+ and mate.} Qd2+ 44. Rd3 Qf2+ {[#]} 45. Kc4 $1 Qc2+ 46. Rc3 Be2+ 47. Kd4 Qd2+ 48. Ke5 Qg5+ 49. Kd6 (49. Bf5 $142 Qf6+ 50. Ke4 Qh4+ 51. Ke3 Qg5+ 52. Kxe2 Qg2+ 53. Ke3 Qg1+ 54. Ke4 Qg2+ 55. Ke5) 49... Qf4+ 50. Kd7 {Precision: White = 56%, Black = 60%.} 1-0

[Event "47th Rilton Cup 2017"]
[Site "?"]
[Date "2018.01.05"]
[Round "9"]
[White "Blomqvist, Erik"]
[Black "Haug, Johannes"]
[Result "1-0"]
[WhiteElo "2502"]
[BlackElo "2357"]
[Annotator "TA"]
[PlyCount "103"]
[EventDate "2018.??.??"]
[EventType "swiss"]
[EventCountry "SWE"]
[SourceTitle "Stockholm"]

{[%evp 20,103,12,-13,0,0,0,0,0,-18,-9,-33,28,29,28,28,83,66,64,43,27,12,20,12,11,-28,88,77,60,14,50,48,193,193,187,180,191,191,191,191,191,194,161,81,379,379,377,377,369,361,580,580,580,580,580,580,580,484,580,580,792,1315,684,684,29975,29976,29976,29977,29977,29978,29978,29979,29979,29978,29978,29978,29978,29979,29979,29977,29981,29982,29982,29983,29983,29984]} 1. Nf3 Nf6 2. g3 b6 3. Bg2 Bb7 4. O-O c5 5. d3 d5 6. e4 e6 7. Re1 Be7 8. Nbd2 Nc6 9. c3 Qc7 10. Qe2 h6 11. a3 {LiveBook: 34 Games} dxe4 {C00: French: Unusual White 2nd moves} (11... O-O-O 12. b4 c4 13. dxc4 dxe4 14. Nxe4 Nxe4 15. Qxe4 Nxb4 16. Qxb7+ Qxb7 17. axb4 Qc7 18. Bf4 Bd6 19. Be3 Rd7 20. Nd2 {0-1 (52) Ter Sahakyan,S (2593)-Vidit,S (2643) Martuni 2015}) 12. dxe4 Nd7 13. e5 O-O {The position is equal.} 14. h4 $146 ({Find the theoretical novelty and annotate with similar games:} 14. Ne4 Ndxe5 15. Nxe5 Nxe5 16. Bf4 Rad8 17. Qh5 f6 18. Nxf6+ Bxf6 19. Bxe5 Bxe5 20. Rxe5 Bxg2 21. Kxg2 Rd2 {½-½ (21) Lanin,B (2150)-Cordes,H (2233) ICCF email 2013}) 14... Rfd8 15. Nc4 b5 (15... Na5 $15) 16. Nd6 $1 $11 Bxd6 17. exd6 Qb6 (17... Qxd6 $11 {remains equal.} 18. Bf4 (18. Qxb5 Rab8 $11) 18... e5 19. Nxe5 Ndxe5) 18. b4 $16 Rac8 19. Be3 Ncb8 $1 20. Red1 Bd5 $1 21. Rab1 {bxc5 is the strong threat.} Qa6 22. a4 Qxa4 (22... bxa4 $11 {keeps the balance.} 23. b5 Qxd6) 23. Ra1 $36 {[%mdl 2048] White has strong initiative.} Qb3 24. Rxa7 {Strongly threatening bxc5.} (24. bxc5 {NOTEXT} Nxc5 25. Nd4 Qc4 26. Qg4 h5 27. Bxd5 Qxd5 28. Qe2) 24... Qxc3 25. bxc5 $1 Bc4 {[#]} (25... Rxc5 $14 26. Bxc5 Qxc5) 26. Qd2 $1 $18 {[%cal Rd2c3]} Qxd2 27. Nxd2 ({But not} 27. Rxd2 $6 Nxc5 28. Ne5 Ncd7 $16) 27... Nxc5 28. Rc7 Nba6 29. Rxc8 Rxc8 30. Nxc4 bxc4 31. Rc1 ({White should play} 31. d7 $18 Rd8 32. Rd6) 31... Nb8 $2 {[%mdl 8192]} (31... Rd8 $16) 32. Rxc4 Nbd7 {[#]} 33. Bb7 $1 {[%mdl 512]} Rb8 (33... Nxb7 34. Rxc8+) 34. Bc6 ({Inferior is} 34. Bxc5 Rxb7 35. Be3 Rb1+ 36. Bc1 f6 $11) 34... Rb6 $2 (34... Nb7 35. Bxd7 Nxd6) 35. Rxc5 Nxc5 36. Bxc5 Rxc6 37. d7 Rxc5 38. d8=Q+ {[%mdl 4096] Endgame KQ-KR} Kh7 39. g4 g6 40. Qf8 Rc7 41. g5 hxg5 42. hxg5 {White mates.} Ra7 43. Kg2 Rb7 44. Kf3 Ra7 45. Ke4 Ra4+ 46. Ke3 Ra7 47. Kd3 Rc7 48. Kd4 Ra7 49. Kc3 Rc7+ 50. Kb4 Rd7 51. Kc4 Ra7 52. Kb5 {Precision: White = 70%, Black = 35%.} 1-0

[Event "47th Rilton Cup 2017"]
[Site "?"]
[Date "2018.01.05"]
[Round "9"]
[White "Salomon, Johan"]
[Black "Alekseenko, Kirill"]
[Result "0-1"]
[WhiteElo "2476"]
[BlackElo "2594"]
[Annotator "TA"]
[PlyCount "48"]
[EventDate "2018.??.??"]
[EventType "swiss"]
[EventCountry "SWE"]
[SourceTitle "Stockholm"]

{[%evp 21,48,15,46,28,16,15,23,33,64,35,63,39,25,16,25,0,0,0,13,0,17,-48,-36,-85,-79,-75,-83,-502,-497]} 1. d4 d5 2. c4 c6 3. cxd5 cxd5 4. Bf4 Nc6 5. e3 Nf6 6. Nc3 Bg4 7. Qb3 {D10: Slav Defence: 3 cxd5 (without early Nf3) and 3 Nc3} Na5 8. Qa4+ Bd7 9. Qc2 e6 10. Nf3 Bb4 11. Bd3 Nh5 {LiveBook: 13 Games} 12. Bg5 f6 13. g4 fxg5 14. gxh5 {[#]} h6 $146 ({Predecessor:} 14... Qf6 15. Ne5 Nc6 16. Nxc6 Bxc6 17. Bxh7 {½-½ (41) Vitiugov,N (2712)-Aronian,L (2809) Paris/St Petersburg 2013}) 15. Bg6+ Ke7 $1 16. h4 Nc4 17. a3 Qa5 {[#] Threatens to win with ...Nxb2!} 18. Rc1 (18. Rb1 {with more complications.} Bxa3 19. bxa3 Nxa3 20. Qd2 Nxb1 21. Bxb1 Rac8 22. Ne2) 18... Bxc3+ $1 19. Qxc3 Qxc3+ 20. Rxc3 Nxb2 21. hxg5 (21. Rc7 $11) 21... Rac8 $15 22. Rc2 Rxc2 23. Bxc2 Rc8 24. Bd1 $2 {[%mdl 8192] [#]} (24. Kd2 $17 {is a better chance.}) 24... Ba4 {Precision: White = 22%, Black = 54%.} 0-1

[Event "47th Rilton Cup 2017"]
[Site "?"]
[Date "2018.01.05"]
[Round "9"]
[White "Livner, Anders"]
[Black "Kotronias, Vasilios"]
[Result "*"]
[WhiteElo "2358"]
[BlackElo "2533"]
[Annotator "TA"]
[PlyCount "41"]
[EventDate "2018.??.??"]
[EventType "swiss"]
[EventCountry "SWE"]
[SourceTitle "Stockholm"]

{[%evp 23,41,27,33,33,33,33,33,22,23,30,32,24,29,32,26,24,29,26,31,18]} 1. e4 c5 2. Nf3 d6 3. d4 cxd4 4. Nxd4 Nf6 5. Nc3 a6 6. Bg5 Nbd7 7. f4 Qc7 8. Qf3 {B94: Sicilian Najdorf: 6 Bg5 Nbd7} (8. Be2 e6 9. O-O Be7 10. Kh1 b5 11. Bf3 Bb7 12. Bxf6 Nxf6 13. e5 dxe5 14. fxe5 Nd7 15. Bxb7 Qxb7 {½-½ (65) Azarov,S (2582)-Fedoseev,V (2690) Minsk 2017}) 8... h6 9. Bxf6 Nxf6 10. f5 Qc5 11. O-O-O g5 12. fxg6 Bg4 {LiveBook: 24 Games} 13. gxf7+ Kxf7 14. Qd3 Bxd1 15. Nxd1 Bg7 16. g3 $146 {[#]} Nxe4 $1 {[%mdl 512]} 17. Qxe4 {And now Qe6+ would win.} Qxd4 18. Bc4+ Ke8 19. Qxb7 Qa7 $1 {[%cal Ra7b7]} 20. Qe4 {[#] aiming for Bd5.} Kd8 21. Re1 *

[Event "47th Rilton Cup 2017"]
[Site "?"]
[Date "2018.01.05"]
[Round "9"]
[White "Livner, Anders"]
[Black "Leenhouts, Koen"]
[Result "0-1"]
[WhiteElo "2358"]
[BlackElo "2478"]
[Annotator "TA"]
[PlyCount "72"]
[EventDate "2018.??.??"]
[EventType "swiss"]
[EventCountry "SWE"]
[SourceTitle "Stockholm"]

{[%evp 20,72,45,33,53,54,66,65,66,61,59,70,65,27,29,18,29,9,22,-3,11,0,0,0,0,0,13,18,14,35,35,8,15,0,0,0,0,0,45,-3,-3,-3,-3,-4,-4,-4,-4,-4,-5,-29988,-29989,-29989,-29990,-29990,-29991]} 1. c4 g6 2. Nc3 c5 3. g3 Bg7 4. Bg2 Nc6 5. Nf3 e6 6. d4 cxd4 7. Nb5 d5 8. cxd5 exd5 9. O-O Nge7 {A04: Unusual lines after 1 Nf3 and King's Indian Attack} 10. Nfxd4 (10. Bf4 O-O 11. Qd2 Nf5 12. g4 Nfe7 13. h3 a6 14. Nd6 h6 15. Nxc8 Rxc8 16. Bxh6 f5 17. Bxg7 Kxg7 18. Nxd4 {0-1 (62) Grischuk,A (2754)-Carlsen,M (2857) chess.com INT 2016}) 10... O-O 11. Be3 {LiveBook: 5 Games} a6 {White is slightly better.} 12. Nc3 Re8 13. Rc1 Bg4 14. h3 Be6 15. Nxe6 fxe6 16. Bg5 $146 ({Predecessor:} 16. Na4 b5 17. Nc5 {0-1 (43) Ozen,B (2303)-Markoja,B (2415) Belgrade 2017}) 16... h6 17. Bxe7 Qxe7 18. Na4 Rad8 19. Qc2 Nd4 20. Qd2 Rf8 21. Nc5 h5 22. h4 Kh7 23. e3 Nf3+ 24. Bxf3 $1 Rxf3 25. Qe2 Rf7 26. e4 Bd4 27. Nd3 Rdf8 28. Kg2 e5 (28... Rf3 $5) 29. Rc2 Rf3 {[%cal Bf7f3,Bf3d3,Bd3d1][%mdl 32] [#] Hoping for ...Qd7.} 30. exd5 e4 31. d6 $1 {[%cal Rd6e7]} Qxd6 32. Qxe4 {Threatens to win with Ne1.} Bxf2 33. Rfxf2 Rxd3 34. Rxf8 $4 {[%mdl 8192] [#]} ({Not} 34. Qxb7+ $2 Kh6 $19) (34. Rf4 $11) 34... Qxg3+ {Black mates.} 35. Kf1 Rd1+ 36. Ke2 Re1+ {Precision: White = 49%, Black = 63%.} 0-1

[Event "47th Rilton Cup 2017"]
[Site "?"]
[Date "2018.01.05"]
[Round "9"]
[White "Estremera Panos, Sergio"]
[Black "Ostrovskiy, Andrey"]
[Result "0-1"]
[WhiteElo "2339"]
[BlackElo "2448"]
[Annotator "TA"]
[PlyCount "90"]
[EventDate "2018.??.??"]
[EventType "swiss"]
[EventCountry "SWE"]
[SourceTitle "Stockholm"]

{[%evp 18,90,-27,-48,0,0,16,13,33,29,14,40,51,0,18,21,25,30,27,11,40,0,0,0,0,0,7,0,146,145,154,154,154,156,154,144,152,148,151,142,133,110,113,112,106,95,159,62,55,0,168,0,62,51,63,63,62,62,61,52,60,60,58,0,0,-35,-29,-28,-23,-128,-104,-410,-377,-29995,-29996]} 1. d4 Nf6 2. c4 e6 3. Nc3 Bb4 4. e3 b6 5. Bd2 O-O 6. Nf3 Bb7 7. Bd3 d6 8. Qc2 c5 {E21: Nimzo-Indian: 4 Nf3} 9. a3 Bxc3 10. Bxc3 {LiveBook: 4 Games} Bxf3 $146 (10... cxd4 $15 11. exd4 (11. Nxd4 e5 $11) 11... Bxf3 12. gxf3 Nc6) ({Predecessor:} 10... cxd4 11. exd4 d5 12. c5 Nc6 13. O-O bxc5 14. dxc5 d4 15. Bd2 Qd5 16. Rfe1 {0-1 (33) Li,C (2746)-Almasi,Z (2684) Baku 2016}) 11. gxf3 $11 {Hoping for dxc5.} cxd4 12. Bxd4 Nc6 13. Bc3 $1 Ne5 14. O-O-O {Black must now prevent Bxe5.} Qe7 15. Rhg1 (15. Be2 $1 $14) 15... Rfc8 16. f4 Nxd3+ 17. Qxd3 Rc6 18. Qd4 {And now Qxf6 would win.} Kf8 19. Bb4 {[%cal Rb4d6]} Ne8 20. Qe4 Rac8 21. Qxh7 {[%cal Rh7h8]} Qf6 22. Kb1 $40 {[%mdl 128] White has some attack.} a5 (22... g6 $11 {keeps the balance.}) 23. Bc3 $16 Qf5+ 24. Qxf5 exf5 25. Rg5 g6 {[#]} 26. h4 $1 Rxc4 27. h5 gxh5 28. Rxh5 R8c5 29. Bd4 Rb5 30. Rg1 Ke7 31. Rgg5 Ke6 (31... Rd5 $142 32. f3 (32. Bxb6 $2 Rd1+ 33. Ka2 a4 $19) 32... a4) 32. Rh6+ (32. Rg8 $16 Ke7 33. Rh1) 32... Ke7 $14 33. Rhh5 (33. Ka2 $14) 33... Ke6 $1 $18 34. Rh6+ (34. Rg8 $18 Ke7 35. Rhh8) 34... Ke7 $1 $14 35. Rg8 {Threatens to win with Rhh8.} a4 36. Rhh8 Nc7 $1 37. Rb8 Rb3 $1 38. Rxb6 Nb5 $1 {[%cal Rb5d4]} 39. Rb7+ Ke6 $1 40. Rh6+ (40. Re8+ $1 $14 Kd5 41. Rxf7 Nxd4 42. exd4) 40... Kd5 $11 41. Rd7 Rd3 {[%mdl 1024] aiming for ...Rd1+. Black has compensation.} 42. Bc3 $1 (42. Rxf7 Rd1+ 43. Ka2 Rcc1 44. Rxf5+ Kc4 45. Rc5+ dxc5 46. b4 axb3+ 47. Kb2 Rc2#) 42... Ke4 43. Re7+ {[#]} (43. Kc2 $1 $11 {remains equal.} Nxa3+ 44. Kc1) 43... Kf3 $1 $17 44. Kc2 $2 {[%mdl 8192]} (44. Rb7 $17 Nxc3+ 45. bxc3) 44... Ke2 $19 {( -> ...Nxa3+!)} 45. Rh2 $2 {[#]} (45. Rb7 $19 Nxa3+ 46. bxa3) 45... Nxa3+ $1 {[%mdl 512] Precision: White = 52%, Black = 67%.} 0-1